[Event "Gap op"]
[Site "Gap"]
[Date "2009.04.27"]
[Round "2"]
[White "Rubino, Adrien"]
[Black "Piankov, Evgenij"]
[Result "0-1"]
[WhiteElo "1839"]
[BlackElo "2345"]
[PlyCount "70"]
[EventDate "2009.04.??"]
[EventType "swiss"]
[EventRounds "9"]
[EventCountry "FRA"]
[SourceTitle "EXT 2011"]
[Source "ChessBase"]
[SourceDate "2010.11.26"]
[SourceVersion "1"]
[SourceVersionDate "2010.11.26"]
[SourceQuality "1"]

1. e4 g6 2. d4 Bg7 3. Nf3 c6 4. Be2 d5 5. exd5 cxd5 6. Nc3 Nc6 7. 0-0 Bg4 8. Be3 Nh6 9. h3 Bxf3 10. Bxf3 e6 11. Re1 Nf5 12. Qd2 0-0 13. Ne2 Nxe3 14. fxe3 Bh6 15. Nf4 Ne7 16. Bg4 Qb6 17. c3 e5 18. Nd3 e4 19. Ne5 Qd6 20. c4 Rad8 21. c5 Qc7 22. Qf2 Bg7 23. Nxf7 Rxf7 24. Be6 Nf5 25. b4 Qe7 26. Bxf7+ Qxf7 27. Rf1 Qe7 28. Rae1 Bh6 29. Qd2 Qg5 30. Rxf5 gxf5 31. b5 f4 32. exf4 Qxf4 33. Qa5 Rf8 34. c6 Qf2+ 35. Kh1 Bd2 0-1

[Event "FRA-chT3 Gr01 0607"]
[Site "France"]
[Date "2007.03.18"]
[Round "7.7"]
[White "Rubino, Adrien"]
[Black "Faraill, Sebastien"]
[Result "0-1"]
[WhiteElo "1790"]
[BlackElo "1491"]
[PlyCount "56"]
[EventDate "2006.10.15"]
[EventType "team-tourn"]
[EventRounds "9"]
[EventCountry "FRA"]
[SourceTitle "EXT 2008"]
[Source "ChessBase"]
[SourceDate "2007.11.25"]
[SourceVersion "1"]
[SourceVersionDate "2007.11.25"]
[SourceQuality "1"]

1. e4 c6 2. d4 d5 3. Nc3 dxe4 4. Nxe4 Bf5 5. Ng3 Bg6 6. h4 h6 7. h5 Bh7 8. Nf3 Nf6 9. Bd3 Bxd3 10. Qxd3 e6 11. Be3 Bd6 12. Ne4 Nxe4 13. Qxe4 Nd7 14. Qg4 Qf6 15. Nd2 Qf5 16. Qxg7 0-0-0 17. g4 Qd5 18. 0-0-0 e5 19. c4 Qe6 20. Ne4 Qxc4+ 21. Kb1 Be7 22. b3 Qe6 23. Nc5 Bxc5 24. dxc5 Rdg8 25. Qxg8+ Rxg8 26. Rd6 Qxg4 27. Rxh6 Qe4+ 28. Kb2 Qxh1 0-1

[Event "FRA-chT3 Gr01 0607"]
[Site "France"]
[Date "2007.01.21"]
[Round "5.7"]
[White "Ershov, Ruslan"]
[Black "Rubino, Adrien"]
[Result "1-0"]
[WhiteElo "1935"]
[BlackElo "1790"]
[PlyCount "95"]
[EventDate "2006.10.15"]
[EventType "team-tourn"]
[EventRounds "9"]
[EventCountry "FRA"]
[SourceTitle "EXT 2008"]
[Source "ChessBase"]
[SourceDate "2007.11.25"]
[SourceVersion "1"]
[SourceVersionDate "2007.11.25"]
[SourceQuality "1"]

1. d4 d5 2. c4 e6 3. Nc3 Nf6 4. Bf4 Nbd7 5. c5 c6 6. Nf3 Be7 7. h3 0-0 8. e3 Qa5 9. a3 Ne4 10. b4 Nxc3 11. Qc2 Qd8 12. Qxc3 Nf6 13. Bd3 Nh5 14. Bh2 f5 15. Qc2 Nf6 16. 0-0 Ne4 17. Bxe4 fxe4 18. Ne5 Bf6 19. a4 Bxe5 20. Bxe5 Rf5 21. b5 Bd7 22. Rab1 cxb5 23. axb5 Qe8 24. Qb3 Rg5 25. f3 exf3 26. Rxf3 a6 27. bxa6 bxa6 28. Bd6 Qg6 29. Qb8+ Qe8 30. Qc7 Rf5 31. Rxf5 exf5 32. Rb7 Rd8 33. Be5 Qf8 34. Bd6 Qf6 35. Be5 Qf8 36. c6 Be6 37. Qxg7+ Qxg7 38. Rxg7+ Kf8 39. Ra7 Bc8 40. Rxh7 Re8 41. h4 Kg8 42. Rg7+ Kf8 43. Rc7 Be6 44. h5 Ra8 45. h6 Bg8 46. h7 Bxh7 47. Rxh7 a5 48. Rh8+ 1-0